• 首页
  • 本馆介绍
  • 公告通知
  • 最新文献
  • 馆藏检索
  • 电子资源
  • 读者导购
  • 参考咨询
  • 我的图书馆
  • 登录
  • 详细信息显示
  • 放入我的书架
  • 预约/预借图书
  • 作者相关作品
  • 分类相关作品
  • 丛书相关作品
  • 出版社相关作品

书目信息

  • 表格格式
  • 工作单格式
  • 卡片格式
题名:
刺绣图案百科
    
 
作者: 南海 编
分册: 2   鸟与蝶
出版信息: 西安   陕西旅游出版社  2004
页数: 112页
开本: 26cm
丛书名: 《美化广场》丛书
单 册:
中图分类: J523.6 , TS931
科图分类:
主题词: 刺绣--图案--中国 , 轻工业 , 手工业 , 手工业史
电子资源:
ISBN: 7-5418-1216-1
000 01008oam2 2200325 450
001 1534495409
005 20150130093538.67
010    @a7-5418-1216-1@dCNY24.80
010    @dCNY248.00(全10册)
100    @a20040316d2004 em y0chiy0110 ea
101 0  @achi
102    @aCN@b610000
105    @aa z 000yy
200 1  @a刺绣图案百科@9ci xiu tu an bai ke@h2@i鸟与蝶@e特集@e[图集]@f(编者南海)
210    @a西安@c陕西旅游出版社@d2004
215    @a112页@d26cm
225 2  @a《美化广场》丛书@9《 mei hua guang chang》 cong shu@v2
304    @a题名取自封面, 责任者取自版权页
330    @a本书介绍了画框; 桌布; 镜框; 挂帽架; 画框; 首饰箱; 台心布; 开口箱; 拖鞋; 袋子; 门廊; 靠垫等内容。
461  0 @12001 @a《美化广场》丛书
517 1  @a鸟与蝶@9niao yu die
606 0  @a刺绣@x图案@y中国
606 0  @a轻工业
606 0  @a手工业
606 0  @a手工业史
690    @aJ523.6@v5
690    @aTS931@v4
701  0 @a南海@9nan hai@4编
801  0 @aCN@bTSSF@c20150130
905    @aZUCC@dTS931@eJY63:2
    
    刺绣图案百科.2.鸟与蝶:特集:[图集]/(编者南海).-西安:陕西旅游出版社,2004
    112页;26cm.-(《美化广场》丛书;2)
    
    
    ISBN 7-5418-1216-1:CNY24.80
    本书介绍了画框; 桌布; 镜框; 挂帽架; 画框; 首饰箱; 台心布; 开口箱; 拖鞋; 袋子; 门廊; 靠垫等内容。
●
相关链接 在E读中查询图书 在五车中查询图书 在当当中查询图书 在豆瓣中查询图书


正题名:刺绣图案百科     索取号:TS931/JY63:2         预约/预借

序号 登录号 条形码 馆藏地/架位号 状态 备注
1 7861749   278617490   学院路分馆/ [索取号:TS931/JY63:2] 在馆    
唐山师范学院图书馆 欢迎您!
大连网信软件有限公司© 版权所有